Sports Quiz

Random Sports or Baseball Quiz

Opening Day Lineups: Phillies Quiz Stats

 Plays Quiz Updated Dec 10, 2018

Challenge
Share
Tweet
Embed
Score 0/253 Timer 19:00
0 Plays Today
Year Player % Correct
2007Ryan Howard
97.2%
2006Ryan Howard
97.2%
2008Ryan Howard
97.2%
2009Ryan Howard
97.2%
2010Ryan Howard
96.7%
2011Ryan Howard
95.8%
2001Jimmy Rollins
95.8%
2002Jimmy Rollins
95.8%
2003Jimmy Rollins
95.8%
2004Jimmy Rollins
95.8%
2005Jimmy Rollins
95.8%
2007Jimmy Rollins
95.8%
2008Jimmy Rollins
95.8%
2009Jimmy Rollins
95.8%
2006Jimmy Rollins
95.8%
2013Ryan Howard
95.6%
2006Chase Utley
95.4%
2007Chase Utley
95.4%
2008Chase Utley
95.4%
2009Chase Utley
95.4%
2014Ryan Howard
95.1%
2010Jimmy Rollins
94.6%
2015Ryan Howard
94.3%
2011Jimmy Rollins
94%
2012Jimmy Rollins
94%
2013Jimmy Rollins
93.8%
2013Chase Utley
93.6%
2010Chase Utley
93.5%
2016Ryan Howard
93.2%
2014Chase Utley
93.1%
2014Jimmy Rollins
93%
2015Chase Utley
92.1%
2010Roy Halladay
87.5%
2011Roy Halladay
86.8%
2012Roy Halladay
86.8%
2007Shane Victorino
85.6%
2008Shane Victorino
85.6%
2009Shane Victorino
85.6%
2014Cliff Lee
84.8%
2013Cole Hamels
84%
2010Shane Victorino
83.8%
2011Carlos Ruiz
83%
2012Carlos Ruiz
83%
2014Carlos Ruiz
82.3%
2008Carlos Ruiz
82.3%
2009Carlos Ruiz
82.3%
2015Cole Hamels
81.9%
2015Carlos Ruiz
81.1%
2008Jayson Werth
81.1%
2009Jayson Werth
81.1%
2010Carlos Ruiz
80.9%
2010Jayson Werth
80.2%
2016Carlos Ruiz
79.9%
2011Shane Victorino
79.7%
2012Shane Victorino
79.7%
2003Placido Polanco
75.3%
2004Placido Polanco
75.3%
2005Placido Polanco
75.3%
2010Placido Polanco
74.8%
2009Raul Ibanez
74%
2001Pat Burrell
73.4%
2002Pat Burrell
73.4%
2003Pat Burrell
73.4%
2004Pat Burrell
73.4%
2006Pat Burrell
73.4%
2008Pat Burrell
73.4%
2007Pat Burrell
73.4%
2005Pat Burrell
73.4%
2001Travis Lee
73.3%
2002Travis Lee
73.3%
2010Raul Ibanez
72.5%
2017Cesar Hernandez
69.8%
2017Maikel Franco
69.6%
1997Scott Rolen
68.9%
1998Scott Rolen
68.9%
1999Scott Rolen
68.9%
2000Scott Rolen
68.9%
2001Scott Rolen
68.9%
2002Scott Rolen
68.9%
2016Maikel Franco
68.8%
2011Placido Polanco
68.2%
2012Placido Polanco
68.2%
1994Curt Schilling
68%
1995Curt Schilling
68%
1997Curt Schilling
68%
Year Player % Correct
1998Curt Schilling
68%
1999Curt Schilling
68%
1991John Kruk
68%
1992John Kruk
68%
1993John Kruk
68%
2018Cesar Hernandez
67.8%
1991Len Dykstra
67%
1992Len Dykstra
67%
1993Len Dykstra
67%
1994Len Dykstra
67%
1995Len Dykstra
67%
1996Len Dykstra
67%
2003Jim Thome
66.6%
2004Jim Thome
66.6%
2005Jim Thome
66.6%
2016Cesar Hernandez
66.3%
2017Odubel Herrera
66.3%
2018Maikel Franco
65.6%
2013Domonic Brown
64.7%
2016Odubel Herrera
64.5%
2018Nick Williams
64.1%
2005Mike Lieberthal
63.6%
1997Mike Lieberthal
63.6%
1998Mike Lieberthal
63.6%
1999Mike Lieberthal
63.6%
2000Mike Lieberthal
63.6%
2001Mike Lieberthal
63.6%
2002Mike Lieberthal
63.6%
2003Mike Lieberthal
63.6%
2004Mike Lieberthal
63.6%
2006Mike Lieberthal
63.6%
2008Pedro Feliz
63.4%
2009Pedro Feliz
63.4%
2014Domonic Brown
63%
1991Darren Daulton
63%
1992Darren Daulton
63%
1993Darren Daulton
63%
1994Darren Daulton
63%
1995Darren Daulton
63%
1996Darren Daulton
63%
2005Jon Lieber
62.7%
2006Jon Lieber
62.7%
2011Raul Ibanez
62.1%
2018Rhys Hoskins
61.9%
1998Bobby Abreu
61.9%
1999Bobby Abreu
61.9%
2001Bobby Abreu
61.9%
2002Bobby Abreu
61.9%
2003Bobby Abreu
61.9%
2004Bobby Abreu
61.9%
2005Bobby Abreu
61.9%
2006Bobby Abreu
61.9%
2018Aaron Nola
61.8%
2018Carlos Santana
59.7%
2015Odubel Herrera
59.2%
2007Brett Myers
58.6%
2008Brett Myers
58.6%
2009Brett Myers
58.6%
2017Freddy Galvis
58.4%
2016Freddy Galvis
57.8%
2015Freddy Galvis
55.8%
2013Ben Revere
53.9%
2014Ben Revere
53.8%
2003David Bell
53.4%
2004David Bell
53.4%
2005David Bell
53.4%
1993Juan Bell
52.5%
2006Aaron Rowand
52.4%
2007Aaron Rowand
52.4%
1992Mickey Morandini
51.9%
1993Mickey Morandini
51.9%
1995Mickey Morandini
51.9%
1996Mickey Morandini
51.9%
1997Mickey Morandini
51.9%
1998Doug Glanville
50.5%
1999Doug Glanville
50.5%
2000Doug Glanville
50.5%
2001Doug Glanville
50.5%
2002Doug Glanville
50.5%
2014Marlon Byrd
49.8%
2017Jeremy Hellickson
49.8%
2016Jeremy Hellickson
49.4%
2015Ben Revere
49.3%
2018J.P. Crawford
49.2%
2017Cameron Rupp
49%
Year Player % Correct
2017Tommy Joseph
48.5%
2012Freddy Galvis
48%
2013Michael Young
45.9%
2012Hunter Pence
44.9%
2012John Mayberry
44.7%
2018Aaron Altherr
44.6%
2013John Mayberry
43.6%
2014Cody Asche
42.2%
1992Dave Hollins
40.7%
1993Dave Hollins
40.7%
1994Dave Hollins
40.7%
1995Dave Hollins
40.7%
2003Marlon Byrd
40.4%
2004Marlon Byrd
40.4%
2015Cody Asche
39.8%
2018Andrew Knapp
39.5%
1999Marlon Anderson
38.2%
2001Marlon Anderson
38.2%
2002Marlon Anderson
38.2%
1994Kevin Stocker
37.6%
1995Kevin Stocker
37.6%
1996Kevin Stocker
37.6%
1997Kevin Stocker
37.6%
1991Von Hayes
37.6%
2017Howie Kendrick
37.5%
1991Charlie Hayes
37.3%
1995Charlie Hayes
37.3%
2017Michael Saunders
37%
2005Kenny Lofton
36.8%
1991Terry Mulholland
36.2%
1992Terry Mulholland
36.2%
1993Terry Mulholland
36.2%
1997Rico Brogna
35.4%
1998Rico Brogna
35.4%
1999Rico Brogna
35.4%
2000Rico Brogna
35.4%
1993Jim Eisenreich
35.1%
1994Jim Eisenreich
35.1%
1995Jim Eisenreich
35.1%
2003Kevin Millwood
34.3%
2004Kevin Millwood
34.3%
1993Milt Thompson
32.7%
1992Mariano Duncan
32.1%
1994Mariano Duncan
32.1%
1994Pete Incaviglia
31.5%
1994Ricky Jordan
30.5%
2000Kevin Jordan
30.4%
2007Wes Helms
29.5%
2013Erik Kratz
28.8%
2016Cedric Hunter
28.8%
2007Rod Barajas
28.7%
2012Ty Wigginton
28.1%
1995Gregg Jefferies
27.9%
1996Gregg Jefferies
27.9%
1997Gregg Jefferies
27.9%
1998Gregg Jefferies
27.9%
2016Peter Bourjos
27.7%
1999Ron Gant
26.9%
2000Ron Gant
26.9%
2011Ben Francisco
26.9%
2002Robert Person
26.4%
2006Abraham Nunez
26%
2015Grady Sizemore
26%
1991Dale Murphy
25.7%
1992Dale Murphy
25.7%
1998Desi Relaford
25.6%
1999Desi Relaford
25.6%
2000Desi Relaford
25.6%
2011Wilson Valdez
24.9%
1996Benito Santiago
23.1%
2001Omar Daal
23.1%
1992Wes Chamberlain
22.9%
2014Tony Gwynn
22.8%
1991Dickie Thon
20.9%
1996Sid Fernandez
20.7%
2000Andy Ashby
19.4%
1996Todd Zeile
18.7%
1997Danny Tartabull
17.8%
1998Mark Lewis
17.7%
1996Mark Whiten
15.7%
1991Wally Backman
15.3%
2000Kevin Sefcik
15.1%
1997Wendell Magee
11.8%

You're not logged in!

Compare scores with friends on all Sporcle quizzes.
OR
Log In

You Might Also Like...

Show Comments

Extras

Top Quizzes Today


Score Distribution

Your Account Isn't Verified!

In order to create a playlist on Sporcle, you need to verify the email address you used during registration. Go to your Sporcle Settings to finish the process.

Report this User

Report this user for behavior that violates our Community Guidelines.

Details: